00620 2200217 4500001002100000005001700021008004100038035002400079082001200103090001700115245006100132260008000193300001800273500002800291650001900319700001700338850001200355980001400367985000600381999001500387YOGYA-0209000005435420090227033344.0 ind  0010-020900000054354 a899.221 a899.221bBab aBabad Jawi KartasuracDialihaksarakan oleh Sri Soeharini aJakartabDepdikbud,Proyek penerbitan buku sastra Indonesia dan daerahc1987 a...jilc21 cm aYang diterima : jilid 1 aJawa - Sejarah aSri Suharini aYOPDYOG a7-11-2007 a1 a4000004763